| 000 | 00421cam a2200181ua 4500 | ||
|---|---|---|---|
| 001 | 8889 | ||
| 008 | 150218n xxk |||gr||||Z||||||eng | ||
| 040 | _cMAIN | ||
| 041 | _aeng | ||
| 082 | _a822.33 | ||
| 100 |
_aFletcher, R. F., _eEditor. |
||
| 245 | 1 |
_aMerchant of Venice _cEdited by R. F.. Fletcher |
|
| 250 | _a1st. | ||
| 260 |
_aLondon: _bOxford, _c1963. |
||
| 300 | _a164p. | ||
| 653 | _aEnglish drama | ||
| 942 | _cBK | ||
| 999 |
_c7983 _d7983 |
||